NDU-K Library Catalogue

Girl in a jacket 

The public relations handbook / (Record no. 6252)

MARC details
000 -LEADER
fixed length control field 01615cam a2200457 a 4500
001 - CONTROL NUMBER
control field 16674684
003 - CONTROL NUMBER IDENTIFIER
control field OSt
005 - DATE AND TIME OF LATEST TRANSACTION
control field 20260415071851.0
008 - FIXED-LENGTH DATA ELEMENTS--GENERAL INFORMATION
fixed length control field 110303s2012 enka b 001 0 eng
010 ## - LIBRARY OF CONGRESS CONTROL NUMBER
LC control number 2011008644
020 ## - INTERNATIONAL STANDARD BOOK NUMBER
International Standard Book Number 9780415598132
Qualifying information hbk. : alk. paper
020 ## - INTERNATIONAL STANDARD BOOK NUMBER
International Standard Book Number 0415598133
Qualifying information hbk. : alk. paper
020 ## - INTERNATIONAL STANDARD BOOK NUMBER
International Standard Book Number 9780415598149
Qualifying information pbk. : alk. paper
020 ## - INTERNATIONAL STANDARD BOOK NUMBER
International Standard Book Number 0415598141
Qualifying information pbk. : alk. paper
020 ## - INTERNATIONAL STANDARD BOOK NUMBER
International Standard Book Number 9780203804827
Qualifying information e-book
020 ## - INTERNATIONAL STANDARD BOOK NUMBER
International Standard Book Number 0203804821
Qualifying information e-book
035 ## - SYSTEM CONTROL NUMBER
System control number 16674684
035 ## - SYSTEM CONTROL NUMBER
System control number (OCoLC)705568318
040 ## - CATALOGING SOURCE
Original cataloging agency DLC
Transcribing agency DLC
Modifying agency YDX
-- YDXCP
-- BWK
-- BWX
-- DLC
042 ## - AUTHENTICATION CODE
Authentication code pcc
050 00 - LIBRARY OF CONGRESS CALL NUMBER
Classification number HD59
Item number .T474 2012
082 00 - DEWEY DECIMAL CLASSIFICATION NUMBER
Classification number 659.2
Edition number 22
245 04 - TITLE STATEMENT
Title The public relations handbook /
Statement of responsibility, etc. edited by Alison Theaker.
250 ## - EDITION STATEMENT
Edition statement 4th ed.
260 ## - PUBLICATION, DISTRIBUTION, ETC.
Place of publication, distribution, etc. Abingdon, Oxon ;
-- New York, NY :
Name of publisher, distributor, etc. Routledge,
Date of publication, distribution, etc. 2012.
300 ## - PHYSICAL DESCRIPTION
Extent xvi, 487 p. :
Other physical details ill. ;
Dimensions 26 cm.
336 ## - CONTENT TYPE
Content type term text
Content type code txt
Source rdacontent
337 ## - MEDIA TYPE
Media type term unmediated
Media type code n
Source rdamedia
338 ## - CARRIER TYPE
Carrier type term volume
Carrier type code nc
Source rdacarrier
490 1# - SERIES STATEMENT
Series statement Media practice
500 ## - GENERAL NOTE
General note Rev. ed. of: The public relations handbook / Alison Theaker. 3rd ed. 2008.
504 ## - BIBLIOGRAPHY, ETC. NOTE
Bibliography, etc. note Includes bibliographical references and index.
650 #0 - SUBJECT ADDED ENTRY--TOPICAL TERM
Topical term or geographic name entry element Corporations
General subdivision Public relations.
700 1# - ADDED ENTRY--PERSONAL NAME
Personal name Theaker, Alison.
700 1# - ADDED ENTRY--PERSONAL NAME
Personal name Theaker, Alison.
Title of a work Public relations handbook.
830 #0 - SERIES ADDED ENTRY--UNIFORM TITLE
Uniform title Media practice.
906 ## - LOCAL DATA ELEMENT F, LDF (RLIN)
a 7
b cbc
c orignew
d 1
e ecip
f 20
g y-gencatlg
942 ## - ADDED ENTRY ELEMENTS (KOHA)
Source of classification or shelving scheme Library of Congress Classification
Koha item type Normal Collection
Holdings
Withdrawn status Lost status Damaged status Not for loan Home library Current library Date acquired Total Checkouts Full call number Barcode Date last seen Price effective from Koha item type Source of classification or shelving scheme Inventory number
        International Peace Support Training Centre (IPSTC) International Peace Support Training Centre (IPSTC) 14/11/2022   HD59 .T474 2012 200120172016 14/11/2022 14/11/2022 Normal Collection Library of Congress Classification 2017/2016
        National Defence College (NDC) Library National Defence College (NDC) Library 10/07/2020   JZ1305 .R685 2009 9644/20 10/07/2020 10/07/2020 Normal Collection    
Copyright © 2026 [National Defence University - Kenya]. All rights reserved.